Online Catalogue and eLibrary

Pawranika janapravada ha janasruthi (Record no. 1202)

MARC details
000 -LEADER
fixed length control field 00427nam a2200169Ia 4500
005 - DATE AND TIME OF LATEST TRANSACTION
control field 20250701154657.0
008 - FIXED-LENGTH DATA ELEMENTS--GENERAL INFORMATION
fixed length control field 240331s9999 xx 000 0 und d
020 ## - INTERNATIONAL STANDARD BOOK NUMBER
ISBN 9559642006
082 ## - DDC Classification
Class No. 398.27
Item Number - Author Mark SUR
100 ## - MAIN ENTRY--PERSONAL NAME
Personal name Surasena,A.G
245 #0 - TITLE STATEMENT
Title Pawranika janapravada ha janasruthi
260 ## - PUBLICATION, DISTRIBUTION, ETC.
Place of publication, distribution, etc. Talawathugoda
Name of publisher, distributor, etc. D.C.Gunasekara
Date of publication, distribution, etc. 1999
300 ## - PHYSICAL DESCRIPTION
Extent (e.g. Volumes, Pages etc.) v, 105 p .,
650 ## - SUBJECT ADDED ENTRY--TOPICAL TERM
Topical term or geographic name entry element Ancient Legends
650 ## - SUBJECT ADDED ENTRY--TOPICAL TERM
Topical term or geographic name entry element Folktales
942 ## - Koha item type (Biblio)
Koha item type Books in Stacks (Lending)
Holdings
Lost status Damaged status Collection code Home library Current library Shelving location Date acquired Full call number Accession Number Item type
    Lending WERC Library WERC Library Social Science Cupboard 03/31/2024 398.27 SUR 4368 Books in Stacks (Lending)

© WERC Library